<?xml version="1.0" encoding="UTF-8"?><marc:collection xmlns:marc="http://www.loc.gov/MARC21/slim">
  <marc:record>
    <marc:leader>04857cam a2200961 c 4500</marc:leader>
    <marc:controlfield tag="001">635570548</marc:controlfield>
    <marc:controlfield tag="003">DE-627</marc:controlfield>
    <marc:controlfield tag="005">20240711025448.0</marc:controlfield>
    <marc:controlfield tag="007">tu</marc:controlfield>
    <marc:controlfield tag="008">100923s2010    gw |||||      00| ||ger c</marc:controlfield>
    <marc:datafield tag="010" ind1=" " ind2=" ">
      <marc:subfield code="a">  2010546352</marc:subfield>
    </marc:datafield>
    <marc:datafield tag="020" ind1=" " ind2=" ">
      <marc:subfield code="a">9783939347156</marc:subfield>
      <marc:subfield code="9">978-3-939347-15-6</marc:subfield>
    </marc:datafield>
    <marc:datafield tag="035" ind1=" " ind2=" ">
      <marc:subfield code="a">(DE-627)635570548</marc:subfield>
    </marc:datafield>
    <marc:datafield tag="035" ind1=" " ind2=" ">
      <marc:subfield code="a">(DE-576)330855913</marc:subfield>
    </marc:datafield>
    <marc:datafield tag="035" ind1=" " ind2=" ">
      <marc:subfield code="a">(DE-599)GBV635570548</marc:subfield>
    </marc:datafield>
    <marc:datafield tag="035" ind1=" " ind2=" ">
      <marc:subfield code="a">(OCoLC)688468485</marc:subfield>
    </marc:datafield>
    <marc:datafield tag="035" ind1=" " ind2=" ">
      <marc:subfield code="a">(OCoLC)688468485</marc:subfield>
    </marc:datafield>
    <marc:datafield tag="040" ind1=" " ind2=" ">
      <marc:subfield code="a">DE-627</marc:subfield>
      <marc:subfield code="b">ger</marc:subfield>
      <marc:subfield code="c">DE-627</marc:subfield>
      <marc:subfield code="e">rakwb</marc:subfield>
    </marc:datafield>
    <marc:datafield tag="041" ind1=" " ind2=" ">
      <marc:subfield code="a">ger</marc:subfield>
    </marc:datafield>
    <marc:datafield tag="044" ind1=" " ind2=" ">
      <marc:subfield code="c">XA-DE</marc:subfield>
    </marc:datafield>
    <marc:datafield tag="050" ind1=" " ind2="0">
      <marc:subfield code="a">HV6432</marc:subfield>
    </marc:datafield>
    <marc:datafield tag="082" ind1="0" ind2="4">
      <marc:subfield code="a">360</marc:subfield>
      <marc:subfield code="q">DNB</marc:subfield>
    </marc:datafield>
    <marc:datafield tag="084" ind1=" " ind2=" ">
      <marc:subfield code="a">XE 5600</marc:subfield>
      <marc:subfield code="q">BVB</marc:subfield>
      <marc:subfield code="2">rvk</marc:subfield>
      <marc:subfield code="0">(DE-625)rvk/152647:12905</marc:subfield>
    </marc:datafield>
    <marc:datafield tag="084" ind1=" " ind2=" ">
      <marc:subfield code="a">88.19</marc:subfield>
      <marc:subfield code="2">bkl</marc:subfield>
    </marc:datafield>
    <marc:datafield tag="084" ind1=" " ind2=" ">
      <marc:subfield code="a">44.80</marc:subfield>
      <marc:subfield code="2">bkl</marc:subfield>
    </marc:datafield>
    <marc:datafield tag="084" ind1=" " ind2=" ">
      <marc:subfield code="a">43.50</marc:subfield>
      <marc:subfield code="2">bkl</marc:subfield>
    </marc:datafield>
    <marc:datafield tag="084" ind1=" " ind2=" ">
      <marc:subfield code="a">43.11</marc:subfield>
      <marc:subfield code="2">bkl</marc:subfield>
    </marc:datafield>
    <marc:datafield tag="245" ind1="0" ind2="0">
      <marc:subfield code="a">Empfehlungen für die Probenahme zur Gefahrenabwehr im Bevölkerungsschutz</marc:subfield>
      <marc:subfield code="b">zur Analytik von chemischen, biologischen und radioaktiven Kontaminationen</marc:subfield>
      <marc:subfield code="c">[Hrsg.:] Bundesamt für Bevölkerungsschutz und Katastrophenhilfe. Udo Bachmann ..</marc:subfield>
    </marc:datafield>
    <marc:datafield tag="246" ind1="3" ind2="3">
      <marc:subfield code="a">Kurzanleitung für die CBRN-Probenahme</marc:subfield>
    </marc:datafield>
    <marc:datafield tag="264" ind1=" " ind2="1">
      <marc:subfield code="a">Bonn</marc:subfield>
      <marc:subfield code="b">Bundesamt für Bevölkerungsschutz u. Katastrophenhilfe</marc:subfield>
      <marc:subfield code="c">c2010</marc:subfield>
    </marc:datafield>
    <marc:datafield tag="300" ind1=" " ind2=" ">
      <marc:subfield code="a">180 S.</marc:subfield>
      <marc:subfield code="b">Ill., graph. Darst.</marc:subfield>
      <marc:subfield code="e">1 Beil.: Kurzanleitung ([35 S.])</marc:subfield>
    </marc:datafield>
    <marc:datafield tag="336" ind1=" " ind2=" ">
      <marc:subfield code="a">Text</marc:subfield>
      <marc:subfield code="b">txt</marc:subfield>
      <marc:subfield code="2">rdacontent</marc:subfield>
    </marc:datafield>
    <marc:datafield tag="337" ind1=" " ind2=" ">
      <marc:subfield code="a">ohne Hilfsmittel zu benutzen</marc:subfield>
      <marc:subfield code="b">n</marc:subfield>
      <marc:subfield code="2">rdamedia</marc:subfield>
    </marc:datafield>
    <marc:datafield tag="338" ind1=" " ind2=" ">
      <marc:subfield code="a">Band</marc:subfield>
      <marc:subfield code="b">nc</marc:subfield>
      <marc:subfield code="2">rdacarrier</marc:subfield>
    </marc:datafield>
    <marc:datafield tag="490" ind1="1" ind2=" ">
      <marc:subfield code="a">Forschung im Bevölkerungsschutz</marc:subfield>
      <marc:subfield code="v">5</marc:subfield>
    </marc:datafield>
    <marc:datafield tag="500" ind1=" " ind2=" ">
      <marc:subfield code="a">Beil. u.d.T.: Kurzanleitung für die CBRN-Probenahme. - In Schuber. - Literaturverz. S. 129 - 131</marc:subfield>
    </marc:datafield>
    <marc:datafield tag="650" ind1=" " ind2="0">
      <marc:subfield code="a">Decontamination (from gases, chemicals, etc.)</marc:subfield>
      <marc:subfield code="v">Handbooks, manuals, etc</marc:subfield>
    </marc:datafield>
    <marc:datafield tag="650" ind1=" " ind2="0">
      <marc:subfield code="a">Biological decontamination</marc:subfield>
      <marc:subfield code="v">Handbooks, manuals, etc</marc:subfield>
    </marc:datafield>
    <marc:datafield tag="650" ind1=" " ind2="0">
      <marc:subfield code="a">Radioactive decontamination</marc:subfield>
      <marc:subfield code="v">Handbooks, manuals, etc</marc:subfield>
    </marc:datafield>
    <marc:datafield tag="650" ind1=" " ind2="0">
      <marc:subfield code="a">Nuclear warfare</marc:subfield>
      <marc:subfield code="x">Prevention and control</marc:subfield>
    </marc:datafield>
    <marc:datafield tag="650" ind1=" " ind2="0">
      <marc:subfield code="a">Disaster planning</marc:subfield>
    </marc:datafield>
    <marc:datafield tag="650" ind1=" " ind2="0">
      <marc:subfield code="a">Decontamination</marc:subfield>
      <marc:subfield code="x">Methods</marc:subfield>
    </marc:datafield>
    <marc:datafield tag="650" ind1=" " ind2="0">
      <marc:subfield code="a">Chemical warfare</marc:subfield>
      <marc:subfield code="x">Prevention and control</marc:subfield>
    </marc:datafield>
    <marc:datafield tag="650" ind1=" " ind2="0">
      <marc:subfield code="a">Biological warfare</marc:subfield>
      <marc:subfield code="x">Prevention and control</marc:subfield>
    </marc:datafield>
    <marc:datafield tag="689" ind1="0" ind2="0">
      <marc:subfield code="D">g</marc:subfield>
      <marc:subfield code="0">(DE-588)4011882-4</marc:subfield>
      <marc:subfield code="0">(DE-627)104704861</marc:subfield>
      <marc:subfield code="0">(DE-576)208896155</marc:subfield>
      <marc:subfield code="a">Deutschland</marc:subfield>
      <marc:subfield code="2">gnd</marc:subfield>
    </marc:datafield>
    <marc:datafield tag="689" ind1="0" ind2="1">
      <marc:subfield code="D">s</marc:subfield>
      <marc:subfield code="0">(DE-588)4029932-6</marc:subfield>
      <marc:subfield code="0">(DE-627)104675233</marc:subfield>
      <marc:subfield code="0">(DE-576)208984917</marc:subfield>
      <marc:subfield code="a">Katastrophenschutz</marc:subfield>
      <marc:subfield code="2">gnd</marc:subfield>
    </marc:datafield>
    <marc:datafield tag="689" ind1="0" ind2=" ">
      <marc:subfield code="5">(DE-627)</marc:subfield>
    </marc:datafield>
    <marc:datafield tag="700" ind1="1" ind2=" ">
      <marc:subfield code="a">Bachmann, Udo</marc:subfield>
      <marc:subfield code="0">(DE-588)18946237X</marc:subfield>
      <marc:subfield code="0">(DE-627)699476909</marc:subfield>
      <marc:subfield code="0">(DE-576)354339796</marc:subfield>
      <marc:subfield code="4">oth</marc:subfield>
    </marc:datafield>
    <marc:datafield tag="710" ind1="2" ind2=" ">
      <marc:subfield code="a">Deutschland</marc:subfield>
      <marc:subfield code="b">Bundesamt für Bevölkerungsschutz und Katastrophenhilfe</marc:subfield>
      <marc:subfield code="0">(DE-588)10081295-8</marc:subfield>
      <marc:subfield code="0">(DE-627)390344257</marc:subfield>
      <marc:subfield code="0">(DE-576)199897999</marc:subfield>
      <marc:subfield code="4">oth</marc:subfield>
    </marc:datafield>
    <marc:datafield tag="776" ind1="0" ind2="8">
      <marc:subfield code="i">Erscheint auch als</marc:subfield>
      <marc:subfield code="n">Online-Ausgabe</marc:subfield>
      <marc:subfield code="t">Empfehlungen für die Probenahme zur Gefahrenabwehr im Bevölkerungsschutz</marc:subfield>
      <marc:subfield code="b">2. Auflage</marc:subfield>
      <marc:subfield code="d">Bonn, 2010</marc:subfield>
      <marc:subfield code="h">Online-Ressource (PDF-Datei: 182 Seiten)</marc:subfield>
      <marc:subfield code="w">(DE-627)635920433</marc:subfield>
      <marc:subfield code="w">(DE-576)9635920431</marc:subfield>
    </marc:datafield>
    <marc:datafield tag="830" ind1=" " ind2="0">
      <marc:subfield code="a">Forschung im Bevölkerungsschutz</marc:subfield>
      <marc:subfield code="v">5</marc:subfield>
      <marc:subfield code="9">5</marc:subfield>
      <marc:subfield code="w">(DE-627)590953214</marc:subfield>
      <marc:subfield code="w">(DE-576)302443932</marc:subfield>
      <marc:subfield code="w">(DE-600)2476495-4</marc:subfield>
      <marc:subfield code="x">2699-8033</marc:subfield>
      <marc:subfield code="7">am</marc:subfield>
    </marc:datafield>
    <marc:datafield tag="856" ind1="4" ind2="2">
      <marc:subfield code="u">http://d-nb.info/1007270047/04</marc:subfield>
      <marc:subfield code="m">B:DE-101</marc:subfield>
      <marc:subfield code="q">application/pdf</marc:subfield>
      <marc:subfield code="3">Inhaltsverzeichnis</marc:subfield>
      <marc:subfield code="7">1</marc:subfield>
    </marc:datafield>
    <marc:datafield tag="912" ind1=" " ind2=" ">
      <marc:subfield code="a">SSG-OLC-pha</marc:subfield>
    </marc:datafield>
    <marc:datafield tag="924" ind1="0" ind2=" ">
      <marc:subfield code="a">1190978407</marc:subfield>
      <marc:subfield code="b">DE-1a</marc:subfield>
      <marc:subfield code="9">1a</marc:subfield>
      <marc:subfield code="c">GBV</marc:subfield>
      <marc:subfield code="d">c</marc:subfield>
      <marc:subfield code="g">1 A 782887</marc:subfield>
      <marc:subfield code="h">2</marc:subfield>
    </marc:datafield>
    <marc:datafield tag="924" ind1="0" ind2=" ">
      <marc:subfield code="a">1200993160</marc:subfield>
      <marc:subfield code="b">DE-84</marc:subfield>
      <marc:subfield code="9">84</marc:subfield>
      <marc:subfield code="c">GBV</marc:subfield>
      <marc:subfield code="d">c</marc:subfield>
      <marc:subfield code="g">2906-5987</marc:subfield>
    </marc:datafield>
    <marc:datafield tag="924" ind1="0" ind2=" ">
      <marc:subfield code="a">1186128771</marc:subfield>
      <marc:subfield code="b">DE-830</marc:subfield>
      <marc:subfield code="9">830</marc:subfield>
      <marc:subfield code="c">GBV</marc:subfield>
      <marc:subfield code="d">c</marc:subfield>
      <marc:subfield code="g">2227-0083</marc:subfield>
      <marc:subfield code="h">22</marc:subfield>
    </marc:datafield>
    <marc:datafield tag="924" ind1="0" ind2=" ">
      <marc:subfield code="a">118435121X</marc:subfield>
      <marc:subfield code="b">DE-104</marc:subfield>
      <marc:subfield code="9">104</marc:subfield>
      <marc:subfield code="c">GBV</marc:subfield>
      <marc:subfield code="d">c</marc:subfield>
      <marc:subfield code="g">2010 A 1019</marc:subfield>
    </marc:datafield>
    <marc:datafield tag="924" ind1="0" ind2=" ">
      <marc:subfield code="a">1184204853</marc:subfield>
      <marc:subfield code="b">DE-27</marc:subfield>
      <marc:subfield code="9">27</marc:subfield>
      <marc:subfield code="c">GBV</marc:subfield>
      <marc:subfield code="d">c</marc:subfield>
      <marc:subfield code="g">2010 A 2657</marc:subfield>
      <marc:subfield code="h">Mag</marc:subfield>
    </marc:datafield>
    <marc:datafield tag="924" ind1="0" ind2=" ">
      <marc:subfield code="a">1221171402</marc:subfield>
      <marc:subfield code="b">DE-7</marc:subfield>
      <marc:subfield code="9">7</marc:subfield>
      <marc:subfield code="c">GBV</marc:subfield>
      <marc:subfield code="d">b</marc:subfield>
      <marc:subfield code="g">2011 A 25192</marc:subfield>
      <marc:subfield code="h">GMAG</marc:subfield>
    </marc:datafield>
    <marc:datafield tag="924" ind1="0" ind2=" ">
      <marc:subfield code="a">1183650574</marc:subfield>
      <marc:subfield code="b">DE-705</marc:subfield>
      <marc:subfield code="9">705</marc:subfield>
      <marc:subfield code="c">GBV</marc:subfield>
      <marc:subfield code="d">c</marc:subfield>
      <marc:subfield code="g">MIL 215:YD0003</marc:subfield>
      <marc:subfield code="h">HB</marc:subfield>
    </marc:datafield>
    <marc:datafield tag="924" ind1="0" ind2=" ">
      <marc:subfield code="a">1187154474</marc:subfield>
      <marc:subfield code="b">DE-705</marc:subfield>
      <marc:subfield code="9">705</marc:subfield>
      <marc:subfield code="c">GBV</marc:subfield>
      <marc:subfield code="d">c</marc:subfield>
      <marc:subfield code="g">MIL 215:YD0003-FF</marc:subfield>
      <marc:subfield code="h">HB</marc:subfield>
    </marc:datafield>
    <marc:datafield tag="924" ind1="0" ind2=" ">
      <marc:subfield code="a">1184372764</marc:subfield>
      <marc:subfield code="b">DE-28</marc:subfield>
      <marc:subfield code="9">28</marc:subfield>
      <marc:subfield code="c">GBV</marc:subfield>
      <marc:subfield code="d">c</marc:subfield>
      <marc:subfield code="g">XE 7100 B415-5</marc:subfield>
      <marc:subfield code="h">28/BB4</marc:subfield>
    </marc:datafield>
    <marc:datafield tag="924" ind1="0" ind2=" ">
      <marc:subfield code="a">1183914202</marc:subfield>
      <marc:subfield code="b">DE-354</marc:subfield>
      <marc:subfield code="9">354</marc:subfield>
      <marc:subfield code="c">GBV</marc:subfield>
      <marc:subfield code="d">c</marc:subfield>
      <marc:subfield code="g">R 20.3042</marc:subfield>
      <marc:subfield code="h">Magazin</marc:subfield>
    </marc:datafield>
    <marc:datafield tag="924" ind1="0" ind2=" ">
      <marc:subfield code="a">1189656825</marc:subfield>
      <marc:subfield code="b">DE-354</marc:subfield>
      <marc:subfield code="9">354</marc:subfield>
      <marc:subfield code="c">GBV</marc:subfield>
      <marc:subfield code="d">c</marc:subfield>
      <marc:subfield code="g">R 20.3042,Beil.</marc:subfield>
      <marc:subfield code="h">Magazin</marc:subfield>
    </marc:datafield>
    <marc:datafield tag="924" ind1="0" ind2=" ">
      <marc:subfield code="a">1294462490</marc:subfield>
      <marc:subfield code="b">DE-841</marc:subfield>
      <marc:subfield code="9">841</marc:subfield>
      <marc:subfield code="c">GBV</marc:subfield>
      <marc:subfield code="d">c</marc:subfield>
      <marc:subfield code="g">2414 AZ:5</marc:subfield>
      <marc:subfield code="h">Mag</marc:subfield>
    </marc:datafield>
    <marc:datafield tag="924" ind1="0" ind2=" ">
      <marc:subfield code="a">1294463233</marc:subfield>
      <marc:subfield code="b">DE-841</marc:subfield>
      <marc:subfield code="9">841</marc:subfield>
      <marc:subfield code="c">GBV</marc:subfield>
      <marc:subfield code="d">c</marc:subfield>
      <marc:subfield code="g">2414 AZ:5,Beil.</marc:subfield>
      <marc:subfield code="h">Mag</marc:subfield>
    </marc:datafield>
    <marc:datafield tag="924" ind1="0" ind2=" ">
      <marc:subfield code="a">1183982127</marc:subfield>
      <marc:subfield code="b">DE-Luen4</marc:subfield>
      <marc:subfield code="9">Luen 4</marc:subfield>
      <marc:subfield code="c">GBV</marc:subfield>
      <marc:subfield code="d">c</marc:subfield>
      <marc:subfield code="g">10-5092</marc:subfield>
      <marc:subfield code="h">CAM</marc:subfield>
    </marc:datafield>
    <marc:datafield tag="924" ind1="0" ind2=" ">
      <marc:subfield code="a">1194408052</marc:subfield>
      <marc:subfield code="b">DE-700</marc:subfield>
      <marc:subfield code="9">700</marc:subfield>
      <marc:subfield code="c">GBV</marc:subfield>
      <marc:subfield code="d">c</marc:subfield>
      <marc:subfield code="g">VWR / Bac</marc:subfield>
      <marc:subfield code="h">N</marc:subfield>
    </marc:datafield>
    <marc:datafield tag="924" ind1="0" ind2=" ">
      <marc:subfield code="a">1194408621</marc:subfield>
      <marc:subfield code="b">DE-700</marc:subfield>
      <marc:subfield code="9">700</marc:subfield>
      <marc:subfield code="c">GBV</marc:subfield>
      <marc:subfield code="d">c</marc:subfield>
      <marc:subfield code="g">VWR / Bac</marc:subfield>
      <marc:subfield code="h">N</marc:subfield>
    </marc:datafield>
    <marc:datafield tag="924" ind1="0" ind2=" ">
      <marc:subfield code="a">3112265858</marc:subfield>
      <marc:subfield code="b">DE-14</marc:subfield>
      <marc:subfield code="9">14</marc:subfield>
      <marc:subfield code="c">BSZ</marc:subfield>
      <marc:subfield code="d">c</marc:subfield>
    </marc:datafield>
    <marc:datafield tag="924" ind1="0" ind2=" ">
      <marc:subfield code="a">3112265904</marc:subfield>
      <marc:subfield code="b">DE-15-292</marc:subfield>
      <marc:subfield code="9">15/292</marc:subfield>
      <marc:subfield code="c">BSZ</marc:subfield>
      <marc:subfield code="d">c</marc:subfield>
    </marc:datafield>
    <marc:datafield tag="924" ind1="0" ind2=" ">
      <marc:subfield code="a">4943061087</marc:subfield>
      <marc:subfield code="b">DE-90</marc:subfield>
      <marc:subfield code="9">90</marc:subfield>
      <marc:subfield code="c">BSZ</marc:subfield>
      <marc:subfield code="d">d</marc:subfield>
    </marc:datafield>
    <marc:datafield tag="924" ind1="0" ind2=" ">
      <marc:subfield code="a">3112265971</marc:subfield>
      <marc:subfield code="b">DE-93</marc:subfield>
      <marc:subfield code="9">93</marc:subfield>
      <marc:subfield code="c">BSZ</marc:subfield>
      <marc:subfield code="d">c</marc:subfield>
      <marc:subfield code="g">5N 5153-5</marc:subfield>
    </marc:datafield>
    <marc:datafield tag="924" ind1="0" ind2=" ">
      <marc:subfield code="a">3112266048</marc:subfield>
      <marc:subfield code="b">DE-289</marc:subfield>
      <marc:subfield code="9">289</marc:subfield>
      <marc:subfield code="c">BSZ</marc:subfield>
      <marc:subfield code="d">c</marc:subfield>
      <marc:subfield code="g">WX 185/2010 B</marc:subfield>
      <marc:subfield code="h">Z</marc:subfield>
    </marc:datafield>
    <marc:datafield tag="924" ind1="0" ind2=" ">
      <marc:subfield code="a">3112266145</marc:subfield>
      <marc:subfield code="b">DE-L189</marc:subfield>
      <marc:subfield code="9">L 189</marc:subfield>
      <marc:subfield code="c">BSZ</marc:subfield>
      <marc:subfield code="d">c</marc:subfield>
    </marc:datafield>
    <marc:datafield tag="924" ind1="0" ind2=" ">
      <marc:subfield code="a">3112266234</marc:subfield>
      <marc:subfield code="b">DE-B19</marc:subfield>
      <marc:subfield code="9">B 19</marc:subfield>
      <marc:subfield code="c">BSZ</marc:subfield>
      <marc:subfield code="d">d</marc:subfield>
      <marc:subfield code="g">Hb 500:42</marc:subfield>
    </marc:datafield>
    <marc:datafield tag="935" ind1=" " ind2=" ">
      <marc:subfield code="i">Blocktest</marc:subfield>
    </marc:datafield>
    <marc:datafield tag="936" ind1="r" ind2="v">
      <marc:subfield code="a">XE 5600</marc:subfield>
      <marc:subfield code="b">Allgemeines</marc:subfield>
      <marc:subfield code="k">Medizin</marc:subfield>
      <marc:subfield code="k">Hygiene</marc:subfield>
      <marc:subfield code="k">Gesundheitsfürsorge insgesamt</marc:subfield>
      <marc:subfield code="k">Militärhygiene, Militärmedizin, Katastrophenmedizin</marc:subfield>
      <marc:subfield code="k">Allgemeines</marc:subfield>
      <marc:subfield code="0">(DE-627)1270743023</marc:subfield>
      <marc:subfield code="0">(DE-625)rvk/152647:12905</marc:subfield>
      <marc:subfield code="0">(DE-576)200743023</marc:subfield>
    </marc:datafield>
    <marc:datafield tag="936" ind1="b" ind2="k">
      <marc:subfield code="a">88.19</marc:subfield>
      <marc:subfield code="j">Öffentliche Verwaltung: Sonstiges</marc:subfield>
      <marc:subfield code="0">(DE-627)106413791</marc:subfield>
    </marc:datafield>
    <marc:datafield tag="936" ind1="b" ind2="k">
      <marc:subfield code="a">44.80</marc:subfield>
      <marc:subfield code="j">Unfallmedizin</marc:subfield>
      <marc:subfield code="j">Notfallmedizin</marc:subfield>
      <marc:subfield code="0">(DE-627)106409794</marc:subfield>
    </marc:datafield>
    <marc:datafield tag="936" ind1="b" ind2="k">
      <marc:subfield code="a">43.50</marc:subfield>
      <marc:subfield code="j">Umweltbelastungen</marc:subfield>
      <marc:subfield code="0">(DE-627)106416782</marc:subfield>
    </marc:datafield>
    <marc:datafield tag="936" ind1="b" ind2="k">
      <marc:subfield code="a">43.11</marc:subfield>
      <marc:subfield code="j">Umweltüberwachung</marc:subfield>
      <marc:subfield code="0">(DE-627)106408283</marc:subfield>
    </marc:datafield>
    <marc:datafield tag="951" ind1=" " ind2=" ">
      <marc:subfield code="a">BO</marc:subfield>
    </marc:datafield>
  </marc:record>
</marc:collection>
